African currencies - Statistics

General Stats
  • This quiz has been taken 30 times
  • The average score is 25 of 42
Answer Stats
Country Currency % Correct
Kenya Kenyan shilling
93%
Liberia Liberian dollar
93%
Namibia Namibian dollar
93%
Somalia Somali shilling
93%
Tanzania Tanzanian shilling
93%
Uganda Ugandan shilling
93%
Burundi Burundian franc
87%
Benin
Burkina Faso
Guinea-Bissau
Côte d'Ivoire
Mali
Niger
Senegal
Togo
Central African CFA franc
87%
Comoros Comorian franc
87%
Democratic Republic of the Congo Congolese franc
87%
Djibouti Djiboutian franc
87%
Egypt Egyptian pound
87%
Guinea Guinean franc
87%
Rwanda Rwandan franc
87%
South Sudan South Sudanese pound
87%
Sudan Sudanese pound
87%
Cameroon
Central African Republic
Chad
Republic of the Congo
Equatorial Guinea
Gabon
West African CFA franc
87%
Algeria Algerian dinar
80%
Libya Libyan dinar
80%
Morocco Moroccan dirham
80%
Tunisia Tunisian dinar
80%
South Africa South African rand
73%
Angola Angolan kwanza
47%
Cape verde Cape Verdean escudo
47%
Ethiopia Ethiopian birr
40%
Sierra Leone Sierra Leonean leone
40%
Ghana Ghanaian cedi
33%
Malawi Malawian kwacha
33%
Mauritania Mauritanian ouguiya
33%
Mauritius Mauritian rupee
33%
Nigeria Nigerian naira
33%
Seychelles Seychellois rupee
33%
Zambia Zambian kwacha
33%
Botswana Botswana pula
27%
Gambia Gambian dalasi
27%
Madagascar Malagasy ariary
27%
Zimbabwe (since 2024) Zimbabwe Gold
27%
Eritrea Eritrean nakfa
20%
Mozambique Mozambican metical
20%
Sao Tome and Principe São Tomé and Príncipe dobra
20%
Lesotho Lesotho loti
13%
Eswatini Swazi lilangeni
13%
No matching quizzes found
Score Distribution
Percent of People with Each Score
Percentile by Number Answered
Your Score History
You have not taken this quiz